[Event "USA-ch"]
[Site "Seattle"]
[Date "2002.01.08"]
[Round "4"]
[White "Seirawan, Yasser"]
[Black "Kriventsov, Stanislav G"]
[Result "1-0"]
[WhiteElo "2644"]
[BlackElo "2415"]
[Annotator "Ribli,Z"]
[PlyCount "75"]
[EventDate "2002.01.05"]
[EventType "swiss"]
[EventRounds "9"]
[EventCountry "USA"]
[SourceTitle "CBM 087"]
[Source "ChessBase"]
[SourceDate "2002.03.21"]
[SourceVersion "1"]
[SourceVersionDate "2002.03.21"]
[SourceQuality "1"]

1. c4 e5 2. g3 Nc6 3. Bg2 g6 4. e3 Bg7 5. Ne2 d6 6. Nbc3 (6. d4 exd4 7. exd4
Bg4 8. Be3 Nge7) 6... h5 (6... f5) (6... Nge7) 7. h4 (7. d4 h4 (7... exd4 8.
Nxd4 Nge7) 8. d5 Nce7 9. e4 f5 10. Bg5 h3 11. Bf3 Nf6 12. O-O O-O 13. Qd2 Nh7
14. Be3 f4 15. gxf4 exf4 16. Bd4 Bh6 17. c5 Ng5 18. Bh1 Nf7 {0-1 Hulak,
K-Almasi,Z/Pula CRO 2001/(50)}) (7. h3 h4 8. g4 f5 $13) 7... Bg4 8. b4 {
Dieser Zug ist nicht untypisch, aber für gewöhnlich spielt man 8.d3 und erst
nach 8...Nge7 9.b4.} (8. d3 Nh6 (8... Nge7 9. a3 (9. b4) 9... Qd7 10. Nd5 Rb8
11. f3 Be6 12. e4 Nd8 13. Be3 b6 14. d4 c5 15. dxe5 dxe5 16. b4 Nb7 17. O-O Nc6
{1/2-1/2 Villamayor,B-Gonzales,J/Manila PHI 2001/(35)}) 9. b4 Qd7 10. b5 Nd8
11. a4 O-O 12. Ba3 Re8 13. Bb4 f6 14. Qb3 Nhf7 15. Ra2 a6 16. Nd5 {1/2-1/2
Ruck,R-Almasi,Z/Hungary 1996/EXT 2000 (42)}) 8... Nd4 $2 {Das ist wirklich
eine originelle Idee, aber ein solcher Zug kann nicht gut sein.} (8... Nxb4 9.
Qa4+ (9. Bxb7 Rb8 (9... Nd3+ 10. Kf1 Rb8 11. Qa4+ Bd7 12. Qxa7 $14) 10. Qa4+
Qd7 11. Qxa7 Rxb7 12. Qxb7 Nc2+ 13. Kd1 Nxa1 14. Bb2 $13) 9... Nc6 10. Rb1 Bc8
11. d4 Bd7 (11... Qd7 12. Nb5 $44) 12. Rxb7 Nxd4 13. Qa5 Bc6 14. Bxc6+ Nxc6 15.
Qxc7 Qxc7 16. Rxc7 $14) (8... a6 $5) 9. exd4 exd4 10. Bxb7 (10. Qa4+ c6 11. O-O
dxc3 12. Nxc3 Ne7 $11) 10... dxc3 11. dxc3 Bxc3+ 12. Bd2 Bxd2+ {Schwarz
tauscht den Läufer - es wäre sehr riskant, auf a1 zu nehmen.} (12... Bxa1 13.
Qxa1 {[%csl Ga1][%cal Ra1h8]} f6 14. O-O $44) 13. Qxd2 Rb8 14. Bg2 (14. Bc6+
Bd7 (14... Kf8 15. Nf4 $14) 15. Bg2 $14) 14... Ne7 (14... Qe7 15. O-O $14 {
[%cal Gf1e1,Ge1e8]}) 15. Nf4 $14 {[%csl Gf4,Gg2] Weiß hat das bessere
Figurenspiel und die bessere Bauernstruktur.} O-O 16. O-O Bc8 {Schwarz möchte
den Läufer anschließend mit Bb7 abtauschen. Der Läufer stand auf g4 in der Tat
nicht besonders aktiv, und im Falle von 16...Nf5? musste Schwarz mit 17.f3
rechnen.} 17. b5 $1 {[%mdl 32] Weiß gewinnt Raum am Damenflügel - Schwarz
steht passiv} a6 18. a4 axb5 19. cxb5 {[%csl Ga4,Gb5] Weiß hat spürbar Druck
am Damenflügel - im Endspiel stellt der Freibauer auf a4 immer eine große
Gefahr dar.} Bb7 20. Bxb7 Rxb7 21. Rfe1 $1 {[%cal Ge1e7] Weiß verbessert
weiter seine Stellung. - Das taktische Motiv 22.Rxe7 Qxe7 23.Nxg6 (und 23...
fxg6 24.Qd5+) droht allerdings noch nicht, denn Schwarz kann mit 23...Qf6
antworten oder auch nach 23...fxg6 24.Qd5+ mit 25...Qf7 kontern.} c6 $2 (21...
Re8 22. Re3 $16 {[%cal Ga1e1,Ge1e8]}) 22. bxc6 Nxc6 23. Qd5 $16 {[%cal Rd5b7,
Gd5g8,Rf4g6][%mdl 2048] Dieser Zug gewinnt mindestens einen Bauern.} Rc7 24.
Nxg6 Nb4 (24... Re8 25. Rxe8+ (25. Qxh5 fxg6 (25... Rxe1+ 26. Rxe1 fxg6 27.
Qxg6+ Kf8 28. Re6 $16) 26. Qxg6+ Kf8 27. Rxe8+ Qxe8 28. Qxd6+ $16) 25... Qxe8
26. Nf4 $18) 25. Qb3 {Dieser Zug ist nicht schlecht, es gibt aber eine noch
viel stärkere Fortsetzung.} (25. Ne7+ $1 Qxe7 (25... Rxe7 26. Qg5+ $18 {
[%cal Rg5e7,Rg5g8]}) 26. Qxh5 $18 {[%cal Rh5g4,Rg4b4,Rg4g8,Re1e7] Jetzt hängt
die Dame, und es droht 27.Qg4+.}) 25... Nc2 26. Nxf8 Kxf8 (26... Nxa1 27. Rxa1
Qxf8 28. a5 $18) 27. a5 $18 {Weiß steht auf Gewinn - sein Freibauer auf a5 ist
sehr stark - und alle schwarzen Bauern sind schwach.} Qa8 28. Qb2 {[%cal Rb2h8,
Rh8f8]} Kg8 29. Rec1 Qc8 30. Ra2 {[%csl Rc2]} Nd4 31. Rxc7 Nf3+ 32. Kg2 Nxh4+
33. Kf1 (33. gxh4 $4 Qg4+ 34. Kf1 Qd1+ $11) 33... Qh3+ 34. Ke2 {Die schwarze
Stellung ist hoffnungslos. - der weiße König findet einen sicheren Platz am
Damenflügel.} Qg4+ 35. Kd3 Qf5+ (35... Qf3+ 36. Kc4 $18) 36. Kc3 Nf3 (36...
Qf3+ 37. Kb4 $18) 37. Qe2 Qf6+ 38. Kb4 1-0

[Event "Bundesliga 0203"]
[Site "Germany"]
[Date "2002.12.14"]
[Round "5.7"]
[White "Volke, Karsten"]
[Black "Hector, Jonny"]
[Result "1/2-1/2"]
[WhiteElo "2450"]
[BlackElo "2562"]
[Annotator "Ribli,Z"]
[PlyCount "122"]
[EventDate "2002.10.19"]
[EventType "team-tourn"]
[EventRounds "15"]
[EventCountry "GER"]
[SourceTitle "CBM 093"]
[Source "ChessBase"]
[SourceDate "2003.04.01"]
[SourceVersion "1"]
[SourceVersionDate "2003.04.01"]
[SourceQuality "1"]
[WhiteTeam "Kreuzberg"]
[BlackTeam "Luebeck"]
[WhiteTeamCountry "GER"]
[BlackTeamCountry "GER"]

1. c4 Nf6 2. g3 e5 3. Bg2 Nc6 {Statt dieses Springerzuges spielt Schwarz
gewöhnlich 3...d5 oder 3...c6.} 4. Nc3 Bc5 (4... Bb4 5. Nd5 $14) 5. a3 (5. e3
d5 $5 (5... O-O 6. Nge2 d5 7. Nxd5 Nxd5 8. cxd5 Nb4 9. O-O Nxd5 10. Qc2 Qd6 11.
a3 a5 12. Nc3 Nxc3 13. bxc3 Qe7 14. d4 $14) 6. cxd5 Nb4 7. d4 exd4 8. exd4 Be7
9. Nge2 Bf5 $13) 5... d6 (5... a5 $6 6. e3 $14) 6. e3 a6 {Mit diesem Zug
bereitet Schwarz das Schlupfloch fuer den Laufer auf a7 vor.} (6... O-O 7. Nge2
Re8 8. d3 a6 9. O-O Ba7 10. b4 Bf5 11. Bb2 Qd7 12. Nd5 Nxd5 13. cxd5 Ne7 14.
Rc1 Rac8 15. d4 Ng6 16. dxe5 dxe5 17. Nc3 Bh3 18. Bxh3 Qxh3 19. Ne4 {1-0 Miles,
A-Korneev,O/Linares 1998/CBM 62 ext (40)}) 7. Nge2 Ba7 (7... O-O 8. b3 Ba7 9.
Bb2 Bf5 10. d3 Qd7 11. h3 Rab8 12. g4 Bg6 13. Ng3 h6 14. O-O b5 15. Rb1 bxc4
16. bxc4 Ne7 17. Ba1 c6 {1/2-1/2 Kelly,B-Miles,A/Millfield 2000/CBM 77 ext (28)
}) 8. b4 (8. h3 Bd7 9. b4 Qc8 10. Bb2 O-O 11. Rc1 Re8 12. g4 h6 13. O-O Ne7 14.
f4 Ng6 15. f5 Nh4 16. Bh1 Nxf5 17. gxf5 Bxf5 18. Kh2 Bxh3 19. Rxf6 gxf6 20. Nd5
{1-0 Vallejo Pons,F-Kallio,H/Aviles 2000/CBM 77 ext (27)}) 8... h5 {[%cal
Gh5h4] Ein typisches Motiv in der Englischen Eröffnung - Schwarz möchte 9...h4
ziehen und wenn Weiß von selbst 9.h4spielt, wird g4 schwach.} 9. h3 (9. h4 Bg4
$11) 9... Be6 10. Nd5 $14 {Der deutsche Spieler befolgt die gewöhnliche
Strategie - mit dem Springerzug verhindert Weiß die Möglichkeit d6-d5.} (10. d3
d5 11. c5 $5) 10... Rb8 (10... Bxd5 11. cxd5 Ne7 12. Nc3 (12. e4 $6 c6 $11 {
Mit diesem Zug kann Schwarz die Stellung sprengen, und das weiße Läuferpaar
ist weniger aktiv, weil der a7B ausgezeichnet steht.}) 12... c6 13. dxc6 bxc6
14. O-O $14) 11. Nec3 Ne7 $5 {Schwarz hat keine Angst vor einer schlechten
Bauernstruktur, er möchte um jeden Preis den Nd5 verjagen.} 12. Bb2 (12. Nxf6+
gxf6 13. Nd5 Nxd5 14. cxd5 Bd7 $11) 12... c6 13. Nxf6+ gxf6 {Die weiße
Bauernstruktur ist viel gesünder, aber (wie in der Sweschnikov-Variante der
Sizilianischen Verteidigung) Schwarz kann am Königsflügel mit f6-f5 aktives
Gegenspiel erhalten.} 14. c5 $1 {[%mdl 64] Mit diesem energischen Zug bekommt
Weiß die Initiative - er möchte den Ba7 "einmauern".} dxc5 (14... d5 $2 15. d4
$16 {[%csl Ra7]}) (14... h4 15. g4 f5 16. gxf5 Nxf5 17. Ne4 $36) 15. Ne4 Ng6 (
15... Nd5 16. bxc5 $16 {[%cal Ge4d6]}) 16. bxc5 Kf8 17. d4 $16 {[%csl Ra7] Der
Ba7 steht sehr passiv und Weiß hat die bessere Bauernstruktur. Andererseits
hat Schwarz einige taktische Gegenchancen am Königsflügel.} f5 18. Nd6 {
[%csl Gd6] Der Nd6 steht sehr stark und paralysiert die schwarze Stellung.} h4
(18... Qa5+ $6 19. Qd2 $16) 19. O-O (19. Qc2 $5 hxg3 20. fxg3 Qg5 21. Qf2 $16)
19... Qg5 20. f4 $1 Qh6 (20... exf4 $6 21. gxf4 $16) 21. Qc2 $6 {Dieser Zug
scheint logisch - Weiß greift den f5-Bauern an, aber die Alternative 21.e4!
ist viel stärker.} (21. e4 $1 {Mit diesem schönen Zug konnte Weiß deutlichen
Vorteil erreichen.} fxe4 (21... exf4 22. exf5 $18) 22. f5 Qe3+ 23. Kh1 Bb3 24.
fxg6 Bxd1 25. g7+ $1 Kxg7 26. Nf5+ $18 {[%cal Rf5e3,Rf5g7]}) 21... hxg3 22.
Nxf5 Bxf5 23. Qxf5 exf4 24. exf4 (24. Rae1 $14) 24... Re8 $1 $132 {[%csl Ge8]
[%cal Ge8e1,Ga7b8,Gb8f4] Schwarz aktiviert den Turm und möchte eventuell den
Läufer über b8 ins Spiel bringen.} (24... Nh4 25. Qg4 Nxg2 26. Kxg2 Rg8 $132)
25. Qd7 (25. Qg4 Rg8 26. Qd7 Re2 $132 (26... Nxf4 27. Rae1 $18)) 25... Re2 (
25... Nxf4 26. Rae1 $18) 26. Bc3 Nh4 $1 $40 (26... Nxf4 27. Qc8+ Re8 28. Qf5
Nxh3+ $1 29. Bxh3 Rh7 $17) 27. Qc8+ (27. Qd8+ Re8 28. Qg5 Qxg5 29. fxg5 Re2 $17
) 27... Re8 28. Qd7 {Jetzt wäre Weiß schon mit der Zugwiederholung zufrieden.}
Nxg2 29. Kxg2 Re2+ $2 (29... Qh7 $1 $19 {[%csl Rg2][%cal Rh7c2,Rc2g2,Re4g2]
Nach diesem Zug hat Weiß keine Verteidigung - seine Königsstellung ist zu
schwach.}) 30. Kf3 Qh5+ 31. Qg4 Rh2 32. Qxh5 Rxh5 33. Rg1 Bb8 (33... R5xh3 34.
Rxg3 $11) 34. Rab1 $1 {Weiß muss sich präzise verteidigen, weil er nach dem
Damentausch Probleme mit seiner Königsstellung hat.} (34. Rxg3 Rh4 $17 {
[%cal Rh4f4,Rf4f3]}) 34... Rh4 35. Rxb7 Bxf4 (35... Rxf4+ $4 36. Kxg3 $18) 36.
Be1 $11 {[%csl Rg3][%cal Ge1g3] Mit diesem Zug gewinnt Weiß den Bauern zurück
und obwohl Schwarz etwas Initiative hat, kann Weiß die Stellung halten.} Ra2
37. Rb3 {Weiß muss zuerst den a3-Bauern verteidigen - jetzt droht schon 38.
Bxg3.} Bc7 38. Bxg3 Bxg3 39. Rxg3 {[%mdl 4096]} Rxd4 {Mit 4 Türmen auf dem
Brett ist die Remiswahrscheinlichkeit groß. Jetzt steht Schwarz aktiver, weil
die weiße Königsstellung angreifbar ist. Aber mit guter Verteidigung kann Weiß
die Stellung halten.} 40. Rg4 Rdd2 (40... Rxg4 41. Kxg4 Rc2 42. Rb6 Rc4+ 43.
Kf3 Rxc5 $11) 41. Ra4 Rdc2 42. Ra5 (42. Rxa6 Rxc5 $11) 42... Kg7 43. Ke4 Rc4+
44. Ke5 Rd2 45. Rg3+ Kf8 46. Kf6 Rd5 {Droht 47...Rf4#.} 47. Rf3 Re4 {Jetzt
droht 48...Re6#.} (47... Rdxc5 48. Rxa6 Re4 49. Ra8+ Re8 50. Rxe8+ Kxe8 51.
Re3+ Kf8 52. Re7 Rc3 (52... Rf5+ $2 53. Kxf5 Kxe7 54. h4 $18 (54. a4 $18)) 53.
Rxf7+ Ke8 $11) (47... Rcxc5 48. Rxc5 (48. Rxa6 $4 Rd6#) 48... Rxc5 $11) 48. Rf5
Re6+ 49. Kg5 f6+ 50. Kg6 Rxf5 51. Kxf5 Kf7 52. Rxa6 Re5+ 53. Kf4 Rxc5 54. Ra8
Ke6 {Nach den Vereinfachungen haben wir eine glatte Remisstellung.} 55. Re8+
Kd7 56. Re3 Rh5 57. Kg4 Rg5+ 58. Kf4 Ra5 59. Rd3+ Ke6 60. Re3+ Kd5 61. Rd3+ Ke6
1/2-1/2

[Event "Bundesliga 0203"]
[Site "Germany"]
[Date "2002.12.15"]
[Round "6.1"]
[White "Hickl, Joerg"]
[Black "Prusikin, Michael"]
[Result "1/2-1/2"]
[WhiteElo "2602"]
[BlackElo "2504"]
[Annotator "Ribli,Z"]
[PlyCount "84"]
[EventDate "2002.10.19"]
[EventType "team-tourn"]
[EventRounds "15"]
[EventCountry "GER"]
[SourceTitle "CBM 093"]
[Source "ChessBase"]
[SourceDate "2003.04.01"]
[SourceVersion "1"]
[SourceVersionDate "2003.04.01"]
[SourceQuality "1"]
[WhiteTeam "Stuttgart"]
[BlackTeam "Forchheim"]
[WhiteTeamCountry "GER"]
[BlackTeamCountry "GER"]

1. g3 e5 2. c4 Nc6 3. Bg2 f5 4. Nc3 Nf6 5. d3 (5. e3 $5 {Dieser Zug bietet
Weiß mehr Chancen auf Eroeffnungsvorteil.}) 5... Bb4 6. Bd2 O-O (6... d6 7. e3
O-O (7... Bxc3 8. Bxc3 $14) 8. Nge2 $14) 7. a3 (7. Nf3 d6 $11 (7... e4 8. dxe4
Nxe4 9. Rc1 $14)) 7... Bxc3 8. Bxc3 {Weiß hat das Läuferpaar, aber die
schwarze Stellung ist fest, ohne Schwächungen.} d6 {Dieser Zug ist nicht
schlecht, aber die Alternative scheint mir aktiver.} (8... d5 $1 9. cxd5 Nxd5
10. Qb3 Be6 11. Qxb7 Qd6 $44) 9. b4 (9. Nf3 Qe8 10. Nd2 Kh8 11. Qc2 Qh5 12. h3
Bd7 13. Bf3 Qg6 14. e3 f4 15. gxf4 exf4 16. O-O-O fxe3 17. fxe3 Qh6 18. Nf1
Rab8 19. Qg2 Ne5 20. Bxb7 Bf5 21. Bxe5 dxe5 22. Bf3 Rfd8 23. Qe2 e4 {0-1 Hickl,
J-Spraggett,K/San Bernardino 1992/TD (59)}) 9... Qe8 10. b5 {In dieser
Stellung spielt Weiß am Damenflügel, Schwarz hat seine Chancen am Königsflügel
und im Zentrum.} (10. Nf3 Bd7 11. b5 Nd8 12. Nd2 Kh8 13. a4 Rb8 14. Qc2 Ne6 15.
e3 Qh5 16. h3 c6 17. Bf3 Qh6 18. O-O-O $13) 10... Nd8 {[%cal Gd8f7]} (10... Ne7
11. Qb3 (11. Nf3 f4 12. O-O Qh5 13. c5 Bh3 14. cxd6 cxd6 15. Qb3+ Kh8 16. Rac1
Ng4 $40 {0-1 Ferreira,A-Chaves,J/Elista 1998/CBM 66 ext (41)}) 11... Ng6 12. d4
Ne4 13. Nf3 a6 14. a4 Nxc3 15. Qxc3 axb5 16. cxb5 e4 17. Nd2 d5 18. e3 Rf7 19.
O-O h5 20. h4 Nf8 21. f4 Ne6 22. Rfc1 Bd7 $13 {0-1 Wolstencroft,D-Arkell,K/
Wigan 2001/EXT 2002 (39)}) 11. Nf3 Qh5 {[%mdl 4]} (11... Ne6 12. Nd2 f4 13. Ne4
Nxe4 14. Bxe4 Ng5 15. Bd5+ Kh8 16. gxf4 $6 Nh3 17. e3 exf4 18. Qe2 c6 {0-1
Ortega,L-Dobrovolsky,L/Stary Smokovec 1982/EXT 98 (27)}) 12. Nd2 Nf7 $11 {
Weiß hat zwar das Läuferpaar, aber die Stellung trägt geschlossenen Charakter.}
13. Qb3 {[%cal Gb3g8]} (13. Qc2) 13... f4 $5 (13... Rb8 14. c5 $36) 14. gxf4
Qg4 {[%cal Gg4g2,Gg4f4]} 15. Rg1 Qxf4 16. e3 $5 (16. Nf3 Be6 $13) 16... Qxh2
17. O-O-O $44 {Weiß hat einen Bauern geopfert, dafür kann er die Stellung mit
f2-f4 sprengen, während die schwarze Dame auf h2 angreifbar steht.} Ng4 18. Ne4
(18. Bxb7 $6 Bxb7 19. Rxg4 Qxf2 20. Rdg1 g6 $17) 18... Nfh6 (18... Bf5 19. Bf3
Bxe4 20. Bxe4 $44) 19. Qc2 (19. c5+ $6 Kh8 20. cxd6 Nxf2 21. Nxf2 Rxf2 22. d7
Bxd7 23. Bxb7 Rb8 $17) 19... Nf5 {[%cal Gf5e3,Gg4e3] Nach diesem Zug muss Weiß
eventuell mit Nfxe3 oder mit Ngxe3 rechnen.} (19... a6 $5 $13) 20. Qe2 (20. Ng5
Ne7 $13) 20... Nh4 21. f3 (21. Bh1 $13) 21... Nf6 (21... Nxe3 $2 22. Qxe3 Nxg2
23. Qd2 {[%csl Rg2][%cal Rd2h2]} Bh3 24. Rh1 $18) 22. Nxf6+ Rxf6 23. f4 $1 $36
{[%csl Rh2][%cal Gc3g7,Gg1g7,Re2h2,Yg2d5][%mdl 128] Droht 24.Bd5+ mit
Damengewinn. Weiß hat Initiative am Königsflügel.} Be6 (23... Nxg2 24. Rxg2 Qh3
25. fxe5 dxe5 26. Bxe5 $16) 24. Qd2 {Jetzt droht 25.Bxb7, so dass Schwarz den
Läufer tauschen muss.} Nxg2 25. Rxg2 Qh5 26. Rg5 (26. Rdg1 $1 Rg6 (26... Rf7
27. fxe5 dxe5 28. Rg5 $16) 27. Rxg6 hxg6 28. Rg5 Qh1+ 29. Kb2 $36) 26... Qf7
27. Qg2 (27. fxe5 Rf2 28. Qe1 dxe5 29. Bxe5 g6 30. Ba1 a6 31. Qc3 Kf8 $13)
27... Rf8 28. Qxb7 (28. fxe5 Rf2 29. Qxb7 $13) 28... exf4 29. exf4 (29. Bxf6 $2
Qxf6 $17 {[%csl Rc1][%cal Rf6g5,Rf6a1,Rc3c1]}) 29... Rg6 30. Rxg6 hxg6 31. Qxa7
(31. Kb2 $5) 31... Qxf4+ 32. Kb2 $16 {[%csl Gb2,Gc3,Rg8] Der weiße König steht
in Sicherheit und der c3B steht aktiv, Schwarz hat Schwierigkeiten mit seinem
Königsflügel.} d5 33. cxd5 (33. Re1 Bf7) 33... Bxd5 34. Rd2 Ra8 35. Qc5 Bf7 36.
Qb4 $2 (36. Rf2 $1 Qd6 37. Qxd6 cxd6 38. Rf4 $16 {[%csl Ga3,Gb5,Gc3]} (38. Re2
$16)) 36... Qe3 (36... Qxb4+ 37. Bxb4 Be8 $11) 37. Qd4 Qxd4 38. Bxd4 Be8 $11 {
[%csl Rb5] Nach diesem Zug kann Schwarz die Stellung vereinfachen.} 39. Rc2
Bxb5 40. Rxc7 Bxd3 41. Rxg7+ Kf8 42. Rh7 Be4 1/2-1/2

[Event "Jakarta"]
[Site "Jakarta"]
[Date "1996.??.??"]
[Round "?"]
[White "Hickl, Joerg"]
[Black "Ardiansyah, Haji"]
[Result "1-0"]
[WhiteElo "2600"]
[BlackElo "2430"]
[Annotator "Ribli,Z"]
[PlyCount "73"]
[EventDate "1996.08.28"]
[EventType "tourn"]
[EventRounds "11"]
[EventCountry "INA"]
[EventCategory "10"]
[SourceTitle "CBM 057"]
[Source "ChessBase"]
[SourceDate "1997.04.01"]
[SourceVersion "1"]
[SourceVersionDate "1997.04.01"]
[SourceQuality "1"]

1. g3 e5 2. Bg2 Nc6 3. c4 f5 4. Nc3 Nf6 5. d3 Bc5 {Schwarz spielt einen
agressiven Aufbau mit f7-f5 und Bc5. Ich glaube, das ist ein wenig riskant und
hat mehr Nach- als Vorteile. Ribli.} 6. e3 (6. a3 $5 a5 7. e3 {kommt in
Betracht. Es ergeben sich ähnliche Motive, wie in der Partie.Ribli.}) 6... O-O
(6... f4 {Fischer} 7. exf4 (7. Nge2 $5) 7... O-O 8. Nge2 Qe8 $5 (8... d6 9. h3
$5 (9. O-O Bf5 $6 (9... Qe8 $5) 10. Be3 $1 Qe8 11. fxe5 Ng4 12. d4 $18 {
Csom,I-Ozsvath,A/tt-HUN/1994/}) 9... h5 $2 (9... Qe8) 10. Be3 Bd4 11. Qd2 Nd7
12. Bxd4 Nxd4 13. Nxd4 exd4 14. Nb5 Re8+ 15. Kf1 $16 {Keitlinghaus,L-Taeger,W/
Bad Woerishofen op/1989/}) 9. h3 $5) 7. Nge2 d6 8. O-O $14 a5 $6 {Dieser Zug
gefällt mir nicht. Schwarz schwächt das Feld b5, ohne Kompensation dafür
zubekommen.Ribli.} (8... a6 $5) (8... Qe8 $5) 9. d4 Ba7 10. b3 Qe8 (10... f4 $2
11. d5 Ne7 12. exf4 $16) 11. Nb5 $14 {In unserer Stellung hat Weiß klare
Vorteile. Er hat starke Kontrolle über alle wichtigen Felder und nach
eventuellem e5-e4 kann er immer f2-f3 ziehen.Ribli.} Bb8 12. Ba3 {Schwarz hat
ernstliche Probleme. Seine Figuren sind unkoordiniert.} e4 13. Bb2 Bd7 14. Nbc3
Nd8 15. Qd2 Nf7 16. f3 $5 {Ein typischer Zug in solchen Stellungen. Nach der
erzwungenen Partiefortsetzung hat Weiß zwei gute Läufer auf zwei großen
Diagonalen und die Möglichkeit zu dem für Schwarz tödlichen Vorstoss e3-e4.
Ribli.} exf3 17. Bxf3 c6 18. Rae1 Ba7 (18... Ng5 $5 19. Bg2 Nge4) 19. Bg2 Qe7 (
19... Ng5 $5 {wäre meiner Meinung nach logischer als der Partiezug. Ribli.})
20. Nf4 Rae8 21. e4 Qd8 22. Kh1 {Ein nützlicher profilaktischer Zug, sehr
typisch für solche Stellungen.Ribli.} fxe4 23. Nxe4 Nxe4 24. Rxe4 Rxe4 25. Bxe4
Ng5 {Auf ersten Blick wir könnte man sagen, daß Schwarz nicht viel schlechter
steht. Aber sein Pa5 ist eine langfristige Schwäche, und nach einem gut
vorbereiteten Vorstoß d4-d5, wird er schwere Probleme auf der Diagonalen a1-h8
haben.Ribli.} 26. Bg2 Bf5 27. Re1 Bg4 (27... Rf7 $4 28. h4 $18) (27... Re8 28.
Rxe8+ Qxe8 29. Qxa5 Qe3 30. Qxa7 $4 (30. Qc3) 30... Qe1+ $19) 28. Qc3 d5 29.
cxd5 cxd5 30. h3 (30. Bxd5+ $2 Qxd5+ 31. Nxd5 Bf3+ 32. Qxf3 $14 (32. Kg1 $4
Bxd5 33. h4 (33. g4 Bxd4+ $19) 33... Bxd4+ $19)) 30... Bf5 31. Bxd5+ {Dieser
Zug gewinnt jetzt nicht nur einen Bauern, sondern die ganze Partie! Ribli.} Kh8
32. Bg2 Qd7 33. Kh2 Bb8 34. d5 $18 Bd6 (34... Rc8 35. Qe3 Bxf4 36. gxf4 Nf7 37.
Qe7 $18) 35. Nh5 Rg8 36. Nxg7 Qxg7 (36... Rxg7 37. Re8+ Qxe8 38. Qxg7#) 37.
Qxg7+ {Und Schwarz gab auf, denn 37...Rxg7 38.Re8 führt zum Matt. Ribli.} 1-0

[Event "Groningen PCA"]
[Site "Groningen"]
[Date "1993.??.??"]
[Round "10"]
[White "Hodgson, Julian M"]
[Black "Tiviakov, Sergei"]
[Result "0-1"]
[WhiteElo "2625"]
[BlackElo "2635"]
[Annotator "Ribli,Z"]
[PlyCount "144"]
[EventDate "1993.12.??"]
[EventType "swiss"]
[EventRounds "11"]
[EventCountry "NED"]
[SourceTitle "CBM 039"]
[Source "ChessBase"]
[SourceDate "1994.04.01"]
[SourceVersion "1"]
[SourceVersionDate "1994.04.01"]
[SourceQuality "1"]

1. c4 e5 2. g3 Nc6 3. Bg2 g6 4. Nc3 Bg7 5. Rb1 Nf6 $5 6. b4 O-O 7. b5 (7. d3 {
Tiviakov,S-Gleizerov,E/St.Petersburg zt/1993/CBM34/}) 7... Ne7 8. Qb3 c5 $5 9.
bxc6 (9. e3 d6 10. Nge2 Bf5 11. d3 Qd7 $13) 9... dxc6 10. d3 Nf5 11. Bg5 (11.
Nf3 Nd4 12. Nxd4 exd4 13. Ne4 Nxe4 14. Bxe4 Bh3 15. Qxb7 Qa5+ 16. Bd2 Qxa2 $44)
11... Nd4 12. Qd1 Qa5 13. Bd2 Qc7 14. Nf3 Bg4 (14... Nxf3+ 15. Bxf3 Bh3 $13)
15. Nh4 (15. Nxd4 exd4 16. Ne4 Nxe4 17. Bxe4 Rae8 18. O-O f5 19. Bf3 $10) 15...
Rad8 16. f3 Bc8 17. O-O h6 18. Bh1 (18. f4 Rfe8 19. fxe5 Qxe5 $15) 18... g5 19.
Ng2 Nh7 20. g4 f5 21. gxf5 Rxf5 (21... Bxf5 22. Ne3 Bg6 23. Ne4 $13) 22. Ne3
Rf7 23. Ne4 Nf8 24. Ng4 Ng6 25. e3 Ne6 26. c5 h5 (26... Rxd3 $2 27. Qc2 Rd8 28.
Nd6 $18) 27. Ngf2 Bf8 28. Qc2 Nh4 29. Qc4 Rd5 30. Nh3 Qd8 31. Nd6 (31. Rb3 Bxc5
$17) 31... Bxd6 32. cxd6 Rxd6 33. Nf2 Ng7 34. Bc3 Be6 35. Qc5 Bxa2 36. Ra1 b6
37. Qa3 (37. Qxe5 Re6 38. Qg3 Nhf5 39. Qh3 g4 40. fxg4 Rxe3 $19) 37... Be6 38.
Bxe5 Rdd7 39. Ne4 Rxd3 40. Qb2 Ne8 41. f4 gxf4 42. exf4 Bh3 43. Rfe1 Qd7 44.
Nf2 Rf3 45. Ra3 Bg4 46. h3 Rxa3 47. Qxa3 Bf5 48. Qg3+ Ng6 49. Ne4 h4 50. Qg5
Qe7 $1 51. Qg2 Kf8 52. Ng5 Qc5+ 53. Kh2 Re7 54. Qf3 Nd6 55. Bg2 Nc4 56. Qh5
Ncxe5 57. fxe5 Rxe5 58. Qh7 Qe7 $1 $19 59. Qh6+ Qg7 60. Rxe5 Qxh6 61. Rxf5+ Ke7
62. Rf7+ Kd6 63. Rf6+ Kc5 64. Rxc6+ Kb4 65. Ne4 Qf4+ 66. Kh1 Ne5 67. Rf6 Qe3
68. Rf1 Nd3 69. Rb1+ Kc4 70. Nd6+ Kc3 71. Ne4+ Kc2 72. Rf1 a5 0-1

[Event "London WFW"]
[Site "London"]
[Date "1991.??.??"]
[Round "?"]
[White "Davies, Nigel Rodney"]
[Black "Khalifman, Alexander"]
[Result "0-1"]
[WhiteElo "2500"]
[BlackElo "2640"]
[Annotator "Ribli,Z"]
[PlyCount "106"]
[EventDate "1991.05.??"]
[EventType "tourn"]
[EventRounds "13"]
[EventCountry "ENG"]
[EventCategory "11"]
[SourceTitle "CBM 024"]
[Source "ChessBase"]
[SourceDate "1991.10.01"]
[SourceVersion "1"]
[SourceVersionDate "1991.10.01"]
[SourceQuality "1"]

1. c4 e5 2. g3 Nc6 3. Bg2 g6 4. Nc3 Bg7 5. d3 f5 6. e3 Nf6 7. Nge2 O-O 8. O-O
d6 9. b3 (9. Nd5 Nxd5 10. cxd5 Ne7 11. d4 e4 12. Qb3 Kh8 13. f3 exf3 14. Bxf3
c6 15. dxc6 bxc6 16. Nf4 $14 {Huebner,R-Kindermann,S Munich 1991 CBM/23}) 9...
Be6 10. Nd5 Qd7 11. Bb2 Bf7 12. f4 (12. Qd2 $5) 12... Nxd5 13. cxd5 Nb4 14. e4
Qb5 15. Rf3 Nxd5 $1 16. exd5 e4 17. Bxg7 exf3 18. Bxf8 Qb6+ $1 19. d4 fxe2 20.
Qd2 Kxf8 21. Re1 Re8 22. Kf2 Qb5 23. Rxe2 Bxd5 24. Rxe8+ Kxe8 25. Bf1 Qc6 26.
Be2 Kd8 27. Bf1 b6 28. Qb2 a5 29. a3 Kc8 30. b4 axb4 31. axb4 Qa4 32. Be2 Kb7
33. Ke3 Qe8+ 34. Kd2 Qe4 35. Qc3 Qg2 36. h4 Kb8 37. Ke1 Qg1+ 38. Kd2 Qb1 39.
Ke3 Qa2 40. Kf2 Kb7 41. Ke1 h5 42. b5 Qa5 43. Kd2 Ba2 44. Bd3 d5 45. Qxa5 bxa5
46. g4 hxg4 47. Bxf5 gxf5 48. h5 g3 49. Ke3 g2 50. Kf2 Bc4 51. h6 a4 52. h7 a3
53. h8=Q a2 0-1